Capitali Asiatiche - Morte Improvvisa - Statistics

Statistiche generali
  • Questo quiz è stato fatto 232 volte
  • Il punteggio medio è 11 su 24
Answers on the Grid
Answers color-coded by a green-red scale on the quiz's grid according to % correct below.
Kabul
Thimphu
Phnom Penh
Pyongyang
Amman
Baghdad
Bishkek
Al Kuwait
Beirut
Malé
Ulan Bator
Kathmandu
Mascate
Sana'a
Singapore
Doha
Damasco
Taipei
Dusanbe
Dili
Ashgabat
Tashkent
Sri Jayawardanapura Kotte
Bandar Seri Begawan
Delhi
Karachi
Shanghai
Yangon
Ho Chi Minh
Chittagong
Aleppo
Tel Aviv
Dubai
La Mecca
Almaty
Osaka
Medina
Lahore
Mumbai
Colombo
Hong Kong
Bandung
Samarcanda
Mashhad
Busan
 
Statistiche sulle risposte
Risposta % Corretto
Ulan Bator
60%
Beirut
57%
Baghdad
53%
Pyongyang
52%
Singapore
52%
Kabul
51%
Damasco
50%
Doha
50%
Taipei
49%
Sri Jayawardanapura Kotte
48%
Phnom Penh
47%
Malé
46%
Thimphu
44%
Amman
43%
Sana'a
43%
Mascate
41%
Kathmandu
37%
Tashkent
37%
Bandar Seri Begawan
36%
Bishkek
36%
Dili
34%
Dusanbe
33%
Al Kuwait
30%
Ashgabat
30%
Nessun quiz corrispondente trovato
Distribuzione punteggi
Percentuale di utenti per punteggio
Percentile per numero di risposta
I tuoi punteggi nel tempo
Non hai fatto questo quiz